000 00320nam a22001457a 4500
008 221005b ||||| |||| 00| 0 eng d
020 _a9780558659363
041 _aeng
080 _2THIRD EDITION
_a573
082 _a573 BEL
100 _a16.1
101 _aBIO
245 _aHUMAN BIOLOGY
_cBELK C
942 _2udc
_cBK
999 _c58361
_d58361